Fundamentals of digital communication (Record no. 264252)

MARC details
000 -LEADER
fixed length control field 00622nam a2200205Ia 4500
008 - FIXED-LENGTH DATA ELEMENTS--GENERAL INFORMATION
fixed length control field 191130s2008##################000#0#eng##
020 ## - INTERNATIONAL STANDARD BOOK NUMBER
ISBN 9780521874144
082 ## - DEWEY DECIMAL CLASSIFICATION NUMBER
Classification number 621.382 MAD
100 ## - MAIN ENTRY--AUTHOR NAME
Personal name Madhow, Upamanyu
245 ## - TITLE STATEMENT
Title Fundamentals of digital communication
Statement of responsibility, etc Upamanyu Madhow
260 ## - PUBLICATION, DISTRIBUTION, ETC. (IMPRINT)
Place of publication Cambridge
Name of publisher Cambridge University Press
Year of publication 2008
300 ## - PHYSICAL DESCRIPTION
Number of Pages xiv, 499 p. : ill. ; 26 cm
500 ## - GENERAL NOTE
General note Includes bibliographical references and index
650 ## - SUBJECT ADDED ENTRY--TOPICAL TERM
Topical Term Digital communications
991 ## -
-- 159321
Holdings
Withdrawn status Lost status Damaged status Not for loan Home library Current library Shelving location Date acquired Full call number Accession Number Price effective from Koha item type
        Anna Centenary Library Anna Centenary Library 6TH FLOOR, A WING 13.10.2020 621.382 MAD 98367 13.10.2020 English Books

Find us on the map